Négy nap a könyvért. BÓkharest Í9

Elmentve itt :
Bibliográfiai részletek
Szerző: BARABÁS István
Adatforrás:Meister
Forrásdokumentuma:A Hét. -
25 sz., 1994, 3 p.
Nyelv:magyar
Kulcsszavak:művelődési élet
intézménytörténet
könyvkiadók
Bukarest
Bukaresti Nemzetközi Könyvvásár
LEADER 00479nab a2200169 i 4500
001 bibPRO00005621
008 060524s1994 xx hun
040 |a Sz1 
041 |a hun 
100 1 |a BARABÁS István 
245 1 0 |a Négy nap a könyvért. BÓkharest Í9  |c BARABÁS István 
695 |a művelődési élet 
695 |a intézménytörténet 
695 |a könyvkiadók 
695 |a Bukarest 
695 |a Bukaresti Nemzetközi Könyvvásár 
773 0 |t A Hét. -  |g 25 sz., 1994, 3 p.